00754 2200265 4500001002100000005001700021008004100038020001800079035002500097040001200122082001400134084001600148100002500164245007500189250001100264260003300275300004000308504003100348650002300379700002000402850001200422990001800434990001800452990001800470INLIS00000000000562120150810090116.0  a979-3731-82-6 a0010-051500000000754 aYOPDYOG 223a297.5 a297.5 Loi Z aLOIR, Henri Chambert aZiarah & Wali di dunia Islamc/ Henri Chambert-Loir dan Claude Guillot aCet. 1 aDepokbKomunitas Bambuc2010 aviii, 408 hlm.b: ilus.c; 23,5 cm. aBibliografi : hlm. 369-407 aIslam -- Asimilasi aGUILLOT, Claude aYOPDYOG a16433-PD/B.15 a16434-PD/B.15 a16435-PD/B.15